Normal view
MARC view
Entry Personal Name
001 - CONTROL NUMBER
- control field: 12616
003 - CONTROL NUMBER IDENTIFIER
- control field: OSt
005 - DATE AND TIME OF LATEST TRANSACTION
- control field: 20180419192829.0
008 - FIXED-LENGTH DATA ELEMENTS
- fixed length control field: 180419|| aca||aabn | a|a d
040 ## - CATALOGING SOURCE
- Original cataloging agency: OSt
- Transcribing agency: OSt
100 ## - HEADING--PERSONAL NAME
- Personal name: Edited by Tim, Allen; Alan, Thomas.
670 ## - SOURCE DATA FOUND
- Source citation: Work cat.: (OSt)3411: Edited by Tim, Allen; Alan, Thomas. , Poverty and Development into the 21st Century, 2000.
